| 000 | 00442nam a2200157Ia 4500 | ||
|---|---|---|---|
| 008 | 151213s9999 xx 000 0 und d | ||
| 100 | _aSyed Yusuf Hossain | ||
| 245 |
_aPerformance Audit Manual _cSyed Yusuf Hossain |
||
| 250 | _a1st | ||
| 260 |
_aDhaka _bIssued - The Comptroller and Auditor General of Bangladesh _c2000 |
||
| 300 | _a3770 p. | ||
| 650 | _aOrdinance | ||
| 650 | _aReference | ||
| 700 | _aSyed Yusuf Hossain | ||
| 999 |
_c2484 _d2484 |
||